Concrete construction; (Record no. 549021)

000 -LEADER
fixed length control field 00633cam a22001691 4500
082 ## - DEWEY DECIMAL CLASSIFICATION NUMBER
Classification number 693.5
Author Mark REY
-- L-19, P-7
100 1# - MAIN ENTRY--PERSONAL NAME
Personal name Reynolds, Charles E.
9 (RLIN) 43177
245 00 - TITLE STATEMENT
Title Concrete construction;
Remainder of title a practical treatise on all branches of plain and reinforced concrete construction,
Statement of responsibility, etc. by Charles E. Reynolds ...
260 ## - PUBLICATION, DISTRIBUTION, ETC.
Place of publication, distribution, etc. London,
Name of publisher, distributor, etc. Concrete Publications Limited
Date of publication, distribution, etc. [1938]
300 ## - PHYSICAL DESCRIPTION
Extent viii, 510 p.
Other physical details illus., fold. tab., diagrs.
Dimensions 25 cm.
490 0# - SERIES STATEMENT
Series statement Concrete series
526 ## - STUDY PROGRAM INFORMATION NOTE
Program name 0
Interest level 0
Reading level 0
Title point value 693_500000000000000_REY
650 #0 - SUBJECT ADDED ENTRY--TOPICAL TERM
Topical term or geographic name entry element Concrete construction.
650 #0 - SUBJECT ADDED ENTRY--TOPICAL TERM
Topical term or geographic name entry element MCE
9 (RLIN) 379
650 #0 - SUBJECT ADDED ENTRY--TOPICAL TERM
Topical term or geographic name entry element Reinforced concrete.
9 (RLIN) 40928
942 ## - ADDED ENTRY ELEMENTS (KOHA)
Source of classification or shelving scheme
Koha item type Book
Holdings
Withdrawn status Lost status Source of classification or shelving scheme Damaged status Not for loan Permanent Location Current Location Date acquired Total Checkouts Full call number Barcode Date last seen Price effective from Koha item type
          Military College of Engineering (MCE) Military College of Engineering (MCE) 09/15/2014   693.5 REY MCE-30667 09/15/2014 09/15/2014 Book
© 2023 Central Library, National University of Sciences and Technology. All Rights Reserved.